[Event "HCL-A038"]
[Site "www.playchess.de"]
[Date "2001.01.21"]
[Round "2"]
[White "Felix"]
[Black "MarkusSSG"]
[WhiteElo "1518"]
[BlackElo "2380"]
[PlyCount "42"]
[Result "0-1"]

1.d4 Nf6 2.c4 e6 3.Nc3 Bb4 4.e3 O-O 5.Nf3 b6 6.Bd3 
Bb7 7.O-O d5 8.cxd5 exd5 9.a3 Bd6 10.b4 a6 11.Qb3 
Re8 12.a4 Nc6 13.Ba3 Qd7 14.Rfd1 Ne4 15.Rac1 Rad8 
16.Nd2 Bxh2+ 17.Kxh2 Nxf2 18.Kg1 Nxd3 19.Rc2 Rxe3 
20.Nf3 Rxf3 21.gxf3 Nxd4 0-1

[Event "HCL-A038"]
[Site "www.playchess.de"]
[Date "2001.01.21"]
[Round "22"]
[White "MarkusSSG"]
[Black "Mr_Arnaud"]
[WhiteElo "2380"]
[BlackElo "1700"]
[PlyCount "37"]
[Result "1-0"]

1.d4 d5 2.Nf3 Nf6 3.Bf4 Bf5 4.e3 e6 5.Ne5 Nbd7 
6.g4 Be4 7.f3 Nxe5 8.dxe5 Nxg4 9.fxe4 Qh4+ 10.Bg3 
Qg5 11.exd5 Qxe3+ 12.Be2 O-O-O 13.Qd2 Rxd5 14.Qxe3 
Nxe3 15.Bd3 h5 16.Ke2 h4 17.Nc3 hxg3 18.Nxd5 Nxd5 
19.hxg3 1-0

[Event "HCL-A065"]
[Site "www.playchess.de"]
[Date "2001.01.21"]
[Round "1"]
[White "Harri"]
[Black "peze"]
[WhiteElo "2016"]
[BlackElo "1923"]
[PlyCount "24"]
[Result "0-1"]

1.e4 e5 2.Nf3 Nf6 3.Nxe5 d6 4.Nf3 Nxe4 5.d4 d5 
6.Bd3 Bd6 7.O-O Bg4 8.c4 O-O 9.cxd5 f5 10.Nc3 Nd7 
11.h3 Bh5 12.Nxe4 fxe4 0-1

[Event "HCL-B037"]
[Site "www.playchess.de"]
[Date "2001.01.21"]
[Round "6"]
[White "Hubble"]
[Black "Ghostdog"]
[WhiteElo "1500"]
[BlackElo "1500"]
[PlyCount "103"]
[Result "1-0"]

1.Nf3 d5 2.d4 Nc6 3.Bf4 e6 4.e3 Nf6 5.Nbd2 Bd6 
6.Bxd6 Qxd6 7.c4 dxc4 8.Bxc4 Bd7 9.O-O O-O 10.Nb3 
a6 11.a3 Rad8 12.Qc2 Qe7 13.Bd3 g6 14.Nc5 Bc8 
15.Nxa6 e5 16.dxe5 Nxe5 17.Nxe5 Qxe5 18.Nb4 Ng4 
19.g3 Qh5 20.h4 g5 21.Qc5 h6 22.f3 Nxe3 23.Qxe3 
gxh4 24.Qe4 Rxd3 25.Nxd3 hxg3 26.Qe2 Bf5 27.Rad1 
Bh3 28.Rfe1 Qh4 29.Qe4 Qg5 30.Qf4 Qg6 31.Qxc7 Rc8 
32.Qe5 Qb6+ 33.Re3 Rc2 34.Qxg3+ Kh7 35.Rde1 Rg2+ 
36.Qxg2 Bxg2 37.Kxg2 Qg6+ 38.Kf2 Qg5 39.Rh1 h5 
40.f4 Qf6 41.Re5 Qb6+ 42.Ke2 Qc6 43.Rexh5+ Kg7 
44.R5h7+ Kf8 45.Kd2 Qg2+ 46.Kc1 Ke7 47.R7h2 Qc6+ 
48.Kb1 Qf3 49.Nb4 Qe4+ 50.Ka1 Qc4 51.Rc2 Qb5 
52.Rhc1 1-0

[Event "HCL-B073"]
[Site "www.playchess.de"]
[Date "2001.01.21"]
[Round "9"]
[White "paule"]
[Black "Steamhammer"]
[WhiteElo "1747"]
[BlackElo "1200"]
[PlyCount "87"]
[Result "1-0"]

1.e4 c5 2.c3 d5 3.exd5 Qxd5 4.d4 Nc6 5.Nf3 Nf6 
6.dxc5 Qxd1+ 7.Kxd1 e6 8.b4 a6 9.Bb2 Ne4 10.Ke1 
Be7 11.Bd3 Nf6 12.Nbd2 O-O 13.a3 Rd8 14.Bc2 Nd5 
15.c4 Nf4 16.g3 Nd3+ 17.Bxd3 Rxd3 18.Ke2 Rd8 
19.Rad1 f6 20.Ne4 e5 21.Rxd8+ Nxd8 22.Nc3 Bg4 
23.h3 Bxf3+ 24.Kxf3 Ne6 25.Rd1 Nd4+ 26.Ke4 Rd8 
27.Nd5 Bf8 28.Bxd4 exd4 29.Kxd4 Kf7 30.a4 g6 31.a5 
Bg7 32.Re1 f5+ 33.Kd3 Bf6 34.Kc2 Rd7 35.Nxf6 Kxf6 
36.Rd1 Rc7 37.Rd6+ Ke5 38.Kd3 g5 39.Rd5+ Kf6 
40.Kd4 g4 41.Rd6+ Kf7 42.hxg4 fxg4 43.b5 axb5 
44.cxb5 1-0

[Event "HCL-B073"]
[Site "www.playchess.de"]
[Date "2001.01.21"]
[Round "13"]
[White "Steamhammer"]
[Black "Hubble"]
[WhiteElo "1200"]
[BlackElo "1700"]
[PlyCount "72"]
[Result "0-1"]

1.e4 e5 2.f4 d5 3.exd5 exf4 4.Qe2+ Be7 5.c4 Nf6 
6.d3 O-O 7.Bxf4 Bb4+ 8.Kd1 Re8 9.Qf2 Re1+ 10.Kc2 
Bg4 11.Nf3 Bxf3 12.Qxf3 Qe8 13.Bd2 Bxd2 14.Kxd2 
Qe5 15.Kc2 Nbd7 16.a4 Nc5 17.Ra3 c6 18.g3 cxd5 
19.cxd5 Nxd5 20.Nc3 Nb4+ 21.Kd2 Rd8 22.Qf4 Qe6 
23.d4 Rc1 24.Kxc1 Ncd3+ 25.Bxd3 Nxd3+ 26.Kb1 Nxf4 
27.gxf4 Rxd4 28.a5 Rxf4 29.Rd1 g6 30.Rd2 h6 31.Kc2 
g5 32.Nd5 Rc4+ 33.Rc3 Rxc3+ 34.Kxc3 f5 35.b4 f4 
36.Kd4 h5 0-1

[Event "HCL-B077"]
[Site "www.playchess.de"]
[Date "2001.01.21"]
[Round "13"]
[White "Federviech"]
[Black "paok4"]
[WhiteElo "1147"]
[BlackElo "1500"]
[PlyCount "94"]
[Result "0-1"]

1.Nh3 e5 2.e4 Nh6 3.Bc4 d6 4.O-O Bxh3 5.gxh3 Qg5+ 
6.Kh1 Qf4 7.d3 Qh4 8.Qf3 Be7 9.Bxh6 Qxh6 10.Qxf7+ 
Kd8 11.Rg1 g6 12.Nc3 Rf8 13.Qe6 Rxf2 14.Nd5 Qf8 
15.Qg4 Rxc2 16.Rg2 Rxg2 17.Qxg2 c6 18.Rf1 Qg7 
19.Nb4 d5 20.exd5 Bxb4 21.d6 Bxd6 22.Qg5+ Be7 
23.Qg4 b5 24.Bf7 Nd7 25.Qe6 Rc8 26.Bg8 Nc5 27.Rf7 
Nxe6 28.Rxg7 Nxg7 29.Bxh7 Kc7 30.Bxg6 Rg8 31.b3 
Ne6 32.Bf5 Bc5 33.Bg4 Nf4 34.a4 Nxh3 35.Kg2 Rxg4+ 
36.Kxh3 Rg1 37.axb5 cxb5 38.Kh4 Rd1 39.Kg5 Rxd3 
40.h4 Be7+ 41.Kf5 Bxh4 42.Kxe5 Rxb3 43.Kd5 a5 
44.Kd4 a4 45.Kc5 a3 46.Kd4 a2 47.Ke5 
a1Q+ 0-1

[Event "HCL-B098"]
[Site "www.playchess.de"]
[Date "2001.01.21"]
[Round "9"]
[White "Riza"]
[Black "markjburden"]
[WhiteElo "1321"]
[BlackElo "1280"]
[PlyCount "73"]
[Result "0-1"]

1.d4 Nf6 2.c4 g6 3.Nc3 Bg7 4.e4 d6 5.Nge2 Bg4 6.f3 
Bc8 7.Ng3 O-O 8.Bd3 Nc6 9.d5 Ne5 10.O-O c6 11.b3 
a6 12.Be2 b5 13.f4 Qb6+ 14.Kh1 Neg4 15.h3 Nf2+ 
16.Rxf2 Qxf2 17.Qd3 Nh5 18.Nxh5 Qe1+ 19.Kh2 Qxc3 
20.Qxc3 Bxc3 21.Rb1 gxh5 22.dxc6 bxc4 23.bxc4 Ra7 
24.Rb3 Bd4 25.Rd3 Bc5 26.f5 Rc7 27.Bh6 h4 28.Bxf8 
Kxf8 29.Rb3 Rxc6 30.Rb8 Kg7 31.Bg4 f6 32.Bf3 Rc7 
33.g4 hxg3+ 34.e. Kxg3 35.Ba7 Ra8 36.Bd4 Be2 
37.Bb7 0-1

[Event "HCL-B099"]
[Site "www.playchess.de"]
[Date "2001.01.21"]
[Round "10"]
[White "Friarman"]
[Black "Gruhni"]
[WhiteElo "1200"]
[BlackElo "1410"]
[PlyCount "68"]
[Result "0-1"]

1.e4 e5 2.Nf3 Nc6 3.Bb5 Nf6 4.Bxc6 bxc6 5.Nxe5 
Nxe4 6.Nxf7 Kxf7 7.Qf3+ Nf6 8.d4 d5 9.O-O Bd6 
10.Bf4 Re8 11.Bxd6 cxd6 12.Nd2 Kg8 13.c4 Ba6 
14.Rfe1 Qd7 15.Rxe8+ Rxe8 16.b4 Bxc4 17.Nxc4 dxc4 
18.Rc1 Qe7 19.g3 Qe4 20.Qc3 d5 21.Kf1 Qe2+ 22.Kg2 
Ne4 23.Qe1 Qxe1 24.Rxe1 Nf6 25.Rb1 Re2 26.b5 cxb5 
27.Rxb5 Rxa2 28.Rb8+ Kf7 29.Rb7+ Kg6 30.Rb1 Rd2 
31.Ra1 Rxd4 32.Rxa7 c3 33.Ra1 c2 34.Rc1 
Rc4 0-1

[Event "HCL-B110"]
[Site "www.playchess.de"]
[Date "2001.01.21"]
[Round "7"]
[White "Spiridonas"]
[Black "peze"]
[WhiteElo "1627"]
[BlackElo "1818"]
[PlyCount "54"]
[Result "0-1"]

1.b3 e5 2.Bb2 Nc6 3.g3 d6 4.Bg2 f5 5.e3 Nf6 6.Ne2 
Be7 7.d3 O-O 8.Nd2 d5 9.c4 Nb4 10.Nc1 e4 11.d4 c5 
12.a3 Nc6 13.dxc5 Bxc5 14.b4 Be7 15.O-O dxc4 
16.Nxc4 Be6 17.Qc2 Rc8 18.Rd1 Nxb4 19.axb4 Rxc4 
20.Qb3 Qb6 21.Bh3 Rxc1 22.Qxe6+ Qxe6 23.Rdxc1 a6 
24.Rc7 Bxb4 25.Rxb7 a5 26.Rc1 Rc8 27.Rd1 
Qa6 0-1

[Event "HCL-B126"]
[Site "www.playchess.de"]
[Date "2001.01.21"]
[Round "25"]
[White "sarek"]
[Black "Gruhni"]
[WhiteElo "916"]
[BlackElo "1386"]
[PlyCount "42"]
[Result "0-1"]

1.e4 e5 2.Nf3 Nc6 3.Bb5 Nf6 4.O-O Bc5 5.Nc3 d6 
6.d3 O-O 7.Bg5 h6 8.Bh4 Bg4 9.Nd5 g5 10.Bg3 Nd4 
11.Bc4 Nxd5 12.Bxd5 c6 13.h3 Bxf3 14.gxf3 cxd5 
15.exd5 Qf6 16.Kg2 Qg6 17.c3 Nf5 18.b4 Be3 19.fxe3 
Nxe3+ 20.Kh2 Nxd1 21.Raxd1 f5 0-1

[Event "HCL-C083"]
[Site "www.playchess.de"]
[Date "2001.01.21"]
[Round "29"]
[White "Buzzard"]
[Black "adamlm323"]
[WhiteElo "946"]
[BlackElo "1000"]
[PlyCount "38"]
[Result "0-1"]

1.e4 d5 2.d3 dxe4 3.dxe4 Qxd1+ 4.Kxd1 e5 5.Nf3 Bd6 
6.Bc4 Be6 7.Bxe6 fxe6 8.Nc3 Nc6 9.Bg5 Nf6 10.Nb5 
O-O-O 11.c4 Bc5+ 12.Nd2 h6 13.Bh4 Bb4 14.Nc3 Rd3 
15.Nb5 Nxe4 16.a3 Rxd2+ 17.Kc1 g5 18.Bg3 Nxg3 
19.Re1 Ne2+ 0-1

[Event "HCL-C108"]
[Site "www.playchess.de"]
[Date "2001.01.21"]
[Round "21"]
[White "blake0850"]
[Black "helmet"]
[WhiteElo "1000"]
[BlackElo "1222"]
[PlyCount "32"]
[Result "0-1"]

1.d4 c6 2.Bd2 d5 3.Nf3 Nf6 4.Ne5 Qb6 5.Bc3 Bf5 
6.f3 e6 7.h3 Nbd7 8.e4 dxe4 9.fxe4 Bxe4 10.Nd2 Bd5 
11.Nec4 Qc7 12.Kf2 c5 13.dxc5 Bxc5+ 14.Ke1 Qg3+ 
15.Ke2 Ne4 16.Ne5 Qe3+ 0-1

[Event "HCL-C110"]
[Site "www.playchess.de"]
[Date "2001.01.21"]
[Round "12"]
[White "Flab"]
[Black "ITR"]
[WhiteElo "1000"]
[BlackElo "1000"]
[PlyCount "34"]
[Result "0-1"]

1.e3 d5 2.c3 e5 3.c4 Nf6 4.Nh3 Bxh3 5.gxh3 Nc6 
6.Nc3 d4 7.Nd5 Nxd5 8.cxd5 Qxd5 9.Rg1 dxe3 10.fxe3 
O-O-O 11.a3 Bc5 12.Rg3 g6 13.Rb1 f5 14.d3 f4 
15.Rg5 Qa2 16.Qc2 fxe3 17.Ke2 Nd4+ 0-1

[Event "HCL-C110"]
[Site "www.playchess.de"]
[Date "2001.01.21"]
[Round "17"]
[White "ITR"]
[Black "pandatrax"]
[WhiteElo "1000"]
[BlackElo "1078"]
[PlyCount "51"]
[Result "1-0"]

1.e4 e5 2.Nc3 Nc6 3.g3 Bc5 4.Bg2 Qf6 5.Nf3 d6 
6.Nd5 Qd8 7.c3 Nf6 8.d4 Bb6 9.Bg5 O-O 10.dxe5 dxe5 
11.O-O Be6 12.Nxf6+ gxf6 13.Qxd8 Raxd8 14.Bxf6 Rd6 
15.Rfd1 Bg4 16.Rxd6 cxd6 17.Rd1 h5 18.Rxd6 Bc5 
19.Rd5 Be7 20.Bxe7 Nxe7 21.Rxe5 Rd8 22.Nd4 Nc6 
23.Rd5 Re8 24.Nxc6 bxc6 25.Rd6 f5 
26.f3 1-0

[Event "HCL-C112"]
[Site "www.playchess.de"]
[Date "2001.01.21"]
[Round "29"]
[White "Michael_Schenk"]
[Black "sonnyspock"]
[WhiteElo "1101"]
[BlackElo "1188"]
[PlyCount "65"]
[Result "1-0"]

1.e4 e6 2.d4 d5 3.e5 c5 4.c3 Qb6 5.Nf3 Nc6 6.Qb3 
Qxb3 7.axb3 cxd4 8.Nxd4 Nxe5 9.Bf4 Nc6 10.Bb5 Bd7 
11.Bg3 Bc5 12.Nxc6 Bxc6 13.Bxc6+ bxc6 14.O-O Nf6 
15.c4 Ne4 16.Nc3 Nd2 17.Rfd1 Nxb3 18.Ra6 Nd4 
19.Be5 Nf5 20.Rxc6 f6 21.cxd5 Bxf2+ 22.Kxf2 fxe5 
23.Rxe6+ Kd7 24.Rxe5 Rhf8 25.Kg1 Nd6 26.Re2 Rab8 
27.g4 Nc4 28.Rde1 Nxb2 29.R2e7+ Kd6 30.R1e6+ Kc5 
31.d6 Nd3 32.d7 Rf2 33.Ne4+ 1-0

[Event "HCL-C118"]
[Site "www.playchess.de"]
[Date "2001.01.21"]
[Round "6"]
[White "dcscott"]
[Black "engmohd"]
[WhiteElo "1000"]
[BlackElo "1000"]
[PlyCount "36"]
[Result "0-1"]

1.Nf3 d5 2.g3 Nf6 3.Bg2 e6 4.O-O c5 5.d4 Nc6 6.c4 
Be7 7.cxd5 exd5 8.Nc3 O-O 9.Bg5 cxd4 10.Nxd4 h6 
11.Be3 Re8 12.Rc1 Bf8 13.Ndb5 Be6 14.a4 Qd7 15.b3 
a6 16.Nd4 Bh3 17.Bxh3 Qxh3 18.Qd3 
Ng4 0-1

[Event "HCL-C143"]
[Site "www.playchess.de"]
[Date "2001.01.21"]
[Round "21"]
[White "DougL"]
[Black "tiberiuskirk"]
[WhiteElo "1000"]
[BlackElo "1106"]
[PlyCount "32"]
[Result "0-1"]

1.d4 e6 2.Nf3 Nf6 3.Bg5 d5 4.e3 c5 5.c3 Be7 6.Bd3 
O-O 7.O-O Nbd7 8.Nbd2 b6 9.b3 Ng4 10.Bxe7 Qxe7 
11.c4 dxc4 12.bxc4 cxd4 13.exd4 Bb7 14.Ne4 Ndf6 
15.Nfg5 h6 16.Nxf6+ Nxf6 0-1

[Event "ACL-A058"]
[Site "www.playchess.de"]
[Date "2001.01.21"]
[Round "5"]
[White "Taher"]
[Black "Fleischer"]
[WhiteElo "2045"]
[BlackElo "1500"]
[PlyCount "65"]
[Result "1-0"]

1.g3 d5 2.Bg2 d4 3.d3 e5 4.Nf3 Nc6 5.c3 Nf6 6.O-O 
Be7 7.Nbd2 O-O 8.cxd4 exd4 9.a3 a5 10.Qa4 Qd7 
11.Nb3 Rd8 12.Bd2 Nd5 13.Rfc1 Nb6 14.Qb5 a4 15.Nc5 
Qf5 16.Ne1 Ne5 17.h3 Bd7 18.g4 Qxf2+ 19.Kxf2 Bxb5 
20.Nxb7 Rdc8 21.Na5 Ra7 22.Nc6 Bh4+ 23.Kf1 Bxc6 
24.Bxc6 Nxc6 25.Rxc6 Bxe1 26.Bxe1 Nd5 27.Bd2 Rb7 
28.Rc4 Rxb2 29.Bc1 Rb5 30.Rxd4 Nb6 31.Bd2 c5 
32.Re4 f6 33.Rc1 1-0

[Event "ACL-A061"]
[Site "www.playchess.de"]
[Date "2001.01.21"]
[Round "6"]
[White "dakini"]
[Black "Fleischer"]
[WhiteElo "1403"]
[BlackElo "1500"]
[PlyCount "61"]
[Result "1-0"]

1.e4 e5 2.f4 d5 3.exd5 e4 4.Nc3 Nf6 5.Qe2 Be7 
6.Nxe4 Nxd5 7.d4 O-O 8.Bd2 Bf5 9.O-O-O Nc6 10.c3 
Qd7 11.Nf3 Rfe8 12.h3 Nf6 13.Ng3 Be6 14.c4 Bb4 
15.Ne5 Bxd2+ 16.Qxd2 Qd6 17.d5 Bxd5 18.cxd5 Nxe5 
19.fxe5 Rxe5 20.Bd3 Rxd5 21.Nf5 Qc5+ 22.Qc2 g6 
23.Nh6+ Kg7 24.Ng4 Nxg4 25.hxg4 Qxc2+ 26.Kxc2 Rad8 
27.Be4 R5xd1 28.Rxd1 Rxd1 29.Kxd1 c6 30.b4 Kf6 
31.Kd2 1-0

[Event "ACL-A074"]
[Site "www.playchess.de"]
[Date "2001.01.21"]
[Round "3"]
[White "Extasis"]
[Black "FOFAO"]
[WhiteElo "1158"]
[BlackElo "1500"]
[PlyCount "20"]
[Result "0-1"]

1.Nf3 e6 2.c3 Bc5 3.Ne5 Qh4 4.g3 Qf6 5.Nd3 Bb6 
6.e3 Nh6 7.Nf4 Qf5 8.Na3 Ng4 9.Bh3 h5 10.Ng2 
Qxf2+ 0-1

[Event "HCL-A044"]
[Site "www.playchess.de"]
[Date "2001.01.22"]
[Round "5"]
[White "Eaglewingz"]
[Black "JOPE"]
[WhiteElo "1348"]
[BlackElo "1700"]
[PlyCount "34"]
[Result "1/2-1/2"]

1.e4 c5 2.Nf3 d6 3.d4 cxd4 4.Nxd4 Nf6 5.f3 g6 6.c4 
Nc6 7.Be3 Bg7 8.Nc3 O-O 9.Qd2 a6 10.Be2 Bd7 11.O-O 
Rc8 12.Rac1 Nxd4 13.Bxd4 Re8 14.Nd5 Nxd5 15.cxd5 
Rxc1 16.Rxc1 Bxd4+ 17.Qxd4 Qa5 {finally :)} 
 1/2-1/2

[Event "HCL-A045"]
[Site "www.playchess.de"]
[Date "2001.01.22"]
[Round "5"]
[White "EKALAYA"]
[Black "Polo"]
[WhiteElo "1949"]
[BlackElo "1207"]
[PlyCount "51"]
[Result "1-0"]

1.e4 e5 2.Nf3 d6 3.d4 exd4 4.Qxd4 Nc6 5.Bb5 Bd7 
6.Bxc6 Bxc6 7.Nc3 f6 8.Bf4 Ne7 9.O-O-O Ng6 10.Bg3 
Be7 11.Qc4 a6 12.h4 h5 13.Rhe1 Qd7 14.Nd4 O-O-O 
15.Ne6 Rdg8 16.f4 b5 17.Qb3 Kb8 18.Bf2 Bb7 19.g3 
Qc8 20.a4 bxa4 21.Nxa4 Nf8 22.Nd4 c5 23.Nb6 Qe8 
24.Nf5 Nd7 25.Nxd6 Bxd6 26.Rxd6 {Welcome back to 
PlayChess !}  1-0

[Event "HCL-A046"]
[Site "www.playchess.de"]
[Date "2001.01.22"]
[Round "4"]
[White "Felix"]
[Black "Gearloose"]
[WhiteElo "1570"]
[BlackElo "2016"]
[PlyCount "33"]
[Result "1/2-1/2"]

1.d4 Nf6 2.c4 c5 3.d5 b5 4.cxb5 a6 5.bxa6 Bxa6 
6.Nc3 d6 7.Nf3 g6 8.g3 Bg7 9.Bg2 Nbd7 10.O-O Nb6 
11.Rb1 Bc4 12.Nd2 Bxa2 13.Nxa2 Rxa2 14.Qb3 Ra5 
15.Nc4 Nxc4 16.Qxc4 O-O 17.b4 1/2-1/2

[Event "HCL-A046"]
[Site "www.playchess.de"]
[Date "2001.01.22"]
[Round "22"]
[White "Felix"]
[Black "Belka"]
[WhiteElo "1570"]
[BlackElo "1800"]
[PlyCount "39"]
[Result "1-0"]

1.d4 d5 2.c4 e5 3.dxe5 d4 4.Nf3 Nc6 5.g3 Bg4 6.Bg2 
Qd7 7.O-O O-O-O 8.Qb3 h5 9.Rd1 h4 10.Bf4 hxg3 
11.Bxg3 Nge7 12.Nxd4 Nf5 13.Bd5 Nfxd4 14.Rxd4 Bxe2 
15.Rd2 Bg4 16.Nc3 Be7 17.Nb5 Bc5 18.Nc3 Bb4 19.Re1 
Rh5 20.e6 1-0

[Event "HCL-A049"]
[Site "www.playchess.de"]
[Date "2001.01.22"]
[Round "21"]
[White "Gorodish"]
[Black "Savage"]
[WhiteElo "1675"]
[BlackElo "1285"]
[PlyCount "61"]
[Result "1-0"]

1.Nf3 Nf6 2.d4 g6 3.c4 Bg7 4.Nc3 O-O 5.e4 d6 6.Be2 
Nbd7 7.Be3 e5 8.d5 a5 9.Nd2 Nc5 10.a3 Ne8 11.b4 
axb4 12.axb4 Rxa1 13.Qxa1 Na6 14.Qa3 f5 15.Nb3 Nf6 
16.b5 Nb8 17.Qa8 Nbd7 18.O-O Nxe4 19.Nxe4 fxe4 
20.Na5 b6 21.Nc6 Qf6 22.Qa7 Nc5 23.Qxc7 Bh3 
24.gxh3 Nd3 25.Qe7 Nc5 26.Bg5 Qf7 27.Qxd6 Nd3 
28.Bg4 Kh8 29.Nd8 Qa7 30.Ne6 Rxf2 
31.Qd8+ 1-0

[Event "HCL-A055"]
[Site "www.playchess.de"]
[Date "2001.01.22"]
[Round "3"]
[White "hominoid"]
[Black "damage_kase"]
[WhiteElo "1600"]
[BlackElo "1354"]
[PlyCount "59"]
[Result "1-0"]

1.d4 d5 2.c4 e6 3.Nc3 Nf6 4.Nf3 c5 5.Bg5 Nbd7 
6.cxd5 exd5 7.Nxd5 Be7 8.Nxe7 Qxe7 9.dxc5 Nxc5 
10.e3 O-O 11.Be2 b6 12.O-O Bb7 13.Qd4 Nce4 14.Bxf6 
Nxf6 15.Qh4 Rfd8 16.Rfd1 Rac8 17.Rxd8+ Rxd8 18.Rc1 
Bxf3 19.Bxf3 h6 20.h3 Rd2 21.Rb1 Qc5 22.Be4 Nxe4 
23.Qxe4 Qb5 24.Rc1 g6 25.b3 Rxa2 26.Rc8+ Kg7 
27.Qd4+ f6 28.Rc7+ Kf8 29.Qxf6+ Ke8 
30.Qe7+ 1-0

[Event "HCL-B060"]
[Site "www.playchess.de"]
[Date "2001.01.22"]
[Round "35"]
[White "Pelikan"]
[Black "paule"]
[WhiteElo "1228"]
[BlackElo "1604"]
[PlyCount "76"]
[Result "0-1"]

1.e4 e6 2.d4 d5 3.Nd2 Nc6 4.c3 e5 5.exd5 Qxd5 
6.dxe5 Nxe5 7.Ngf3 Nxf3+ 8.Qxf3 Be6 9.Be2 O-O-O 
10.O-O Nf6 11.Bc4 Qe5 12.Bxe6+ Qxe6 13.Nb3 Bd6 
14.Be3 Ng4 15.Bf4 Ne5 16.Qg3 f6 17.Rfe1 g5 18.Bxe5 
Bxe5 19.Qe3 Kb8 20.Nd4 Qd5 21.Nf3 Rhe8 22.Nxe5 
Rxe5 23.Qc1 Rxe1+ 24.Qxe1 Qd2 25.Kf1 Qxb2 26.Rd1 
Qb5+ 27.Kg1 Rxd1 28.Qxd1 Qe8 29.h3 a5 30.Qd3 h5 
31.g3 Qe5 32.a4 b6 33.Qd8+ Kb7 34.Qd3 Kc6 35.Kf1 
Qd5 36.Qg6 Qf3 37.c4 h4 38.Qe8+ 
Kb7 0-1

[Event "HCL-B085"]
[Site "www.playchess.de"]
[Date "2001.01.22"]
[Round "21"]
[White "invisibill"]
[Black "Hicks"]
[WhiteElo "1500"]
[BlackElo "1099"]
[PlyCount "53"]
[Result "1-0"]

1.d4 Nf6 2.Nf3 Na6 3.Nc3 e6 4.e4 d5 5.e5 Ne4 
6.Nxe4 dxe4 7.Ng5 Bb4+ 8.c3 Be7 9.Nxe4 b5 10.Bxb5+ 
Kf8 11.Qe2 f5 12.Ng3 Qd5 13.Bxa6 Qxg2 14.Bxc8 Rxc8 
15.Be3 Bh4 16.O-O-O Qb7 17.Qc4 Rb8 18.b3 Qb6 
19.Qc5+ Qxc5 20.dxc5 Rb5 21.Nh5 Ra5 22.Kb2 Be7 
23.Rhg1 g6 24.Nf6 Bxc5 25.Bxc5+ Rxc5 26.Nd7+ Ke8 
27.Nxc5 1-0

[Event "HCL-B094"]
[Site "www.playchess.de"]
[Date "2001.01.22"]
[Round "7"]
[White "Sixty4"]
[Black "jack-up"]
[WhiteElo "1606"]
[BlackElo "1412"]
[PlyCount "65"]
[Result "1-0"]

1.f4 d5 2.e3 g6 3.Nf3 Nf6 4.b3 Bg7 5.Bb2 O-O 6.Be2 
b6 7.Ne5 Bb7 8.O-O c5 9.Bf3 Nc6 10.c4 Rc8 11.d3 
Nd7 12.Nxc6 Rxc6 13.Bxg7 Kxg7 14.Bxd5 Rc7 15.Bxb7 
Rxb7 16.Qf3 Qc7 17.Nc3 Nf6 18.d4 Rbb8 19.d5 a6 
20.e4 e5 21.Rad1 Rbd8 22.f5 Nh5 23.Ne2 Qd6 24.g4 
Nf6 25.Ng3 Rd7 26.g5 Ne8 27.f6+ Kh8 28.Rd3 Ra7 
29.Qg4 a5 30.Qh4 a4 31.Nf5 Qd7 32.Qh6 Rg8 33.Qxh7+ 
{Thanks for coming back!}  1-0

[Event "HCL-B101"]
[Site "www.playchess.de"]
[Date "2001.01.22"]
[Round "18"]
[White "daphatmon"]
[Black "lostpawn2000"]
[WhiteElo "1582"]
[BlackElo "1704"]
[PlyCount "83"]
[Result "1-0"]

1.e4 c6 2.d4 d5 3.e5 Bf5 4.Nf3 e6 5.Bd3 Ne7 6.Nbd2 
Bxd3 7.cxd3 Nd7 8.O-O Nf5 9.Nb3 h6 10.Re1 Rc8 
11.Bd2 c5 12.dxc5 Nxc5 13.Nxc5 Bxc5 14.Qa4+ Qd7 
15.Qxd7+ Kxd7 16.Rac1 g5 17.g4 Nd4 18.Nxd4 Bxd4 
19.Bc3 Bxc3 20.Rxc3 b5 21.Ra3 Rca8 22.Rc1 Rhc8 
23.Rxc8 Kxc8 24.d4 b4 25.Rh3 Kd7 26.a3 bxa3 
27.bxa3 Rh8 28.Rf3 Rf8 29.Rf6 Ke7 30.Rxh6 Rg8 
31.Rf6 Rg7 32.Kg2 Kd7 33.Kg3 Ke7 34.f4 Rg6 35.Rxg6 
gxf4+ 36.Kxf4 fxg6 37.Kg5 Kf7 38.Kh6 a5 39.a4 g5 
40.Kxg5 Kg7 41.h3 Kf7 42.h4 1-0

[Event "HCL-B104"]
[Site "www.playchess.de"]
[Date "2001.01.22"]
[Round "3"]
[White "hamgon"]
[Black "paule"]
[WhiteElo "1785"]
[BlackElo "1806"]
[PlyCount "60"]
[Result "0-1"]

1.d4 c5 2.d5 e5 3.c4 d6 4.e4 Be7 5.Nf3 Bg4 6.Nbd2 
Bg5 7.Be2 Bxf3 8.Bxf3 Ne7 9.Bg4 O-O 10.Nf3 Bxc1 
11.Rxc1 Qa5+ 12.Qd2 Qxa2 13.O-O Na6 14.Qc3 Qa4 
15.Ne1 f5 16.Bf3 Nb4 17.b3 Qd7 18.Ra1 Ng6 19.Nc2 
Nxc2 20.Qxc2 Nh4 21.Qd3 a6 22.exf5 Nxf3+ 23.Qxf3 
Rxf5 24.Qg4 Raf8 25.Rae1 Qf7 26.f3 Rf4 27.Qg3 b5 
28.Qf2 bxc4 29.bxc4 Rxc4 30.Red1 
Qg6 0-1

[Event "HCL-B104"]
[Site "www.playchess.de"]
[Date "2001.01.22"]
[Round "5"]
[White "costajr"]
[Black "hamgon"]
[WhiteElo "1421"]
[BlackElo "1785"]
[PlyCount "58"]
[Result "0-1"]

1.e4 e5 2.Nf3 Nc6 3.Bc4 Nf6 4.Ng5 d5 5.exd5 Na5 
6.Bb5+ c6 7.dxc6 bxc6 8.Qf3 Qc7 9.Bd3 h6 10.Ne4 
Be7 11.O-O O-O 12.Nbc3 Nd5 13.Nxd5 cxd5 14.Nc3 e4 
15.Nxe4 dxe4 16.Qxe4 g6 17.Qxa8 Bb7 18.Qxf8+ Kxf8 
19.b3 Qc6 20.f3 Qb6+ 21.Kh1 Bf6 22.Rb1 Nc6 23.Bb2 
Bxb2 24.Rxb2 Ne5 25.Be2 Qf6 26.Rbb1 h5 27.Rfe1 h4 
28.Bf1 Nxf3 29.Re3 Nxd2 0-1

[Event "HCL-B111"]
[Site "www.playchess.de"]
[Date "2001.01.22"]
[Round "14"]
[White "AD"]
[Black "msmsk"]
[WhiteElo "1801"]
[BlackElo "1534"]
[PlyCount "46"]
[Result "0-1"]

1.e4 e6 2.d3 d5 3.e5 c5 4.c3 Nc6 5.d4 Qb6 6.Nf3 
cxd4 7.cxd4 Nge7 8.g4 h5 9.Bh3 hxg4 10.Bxg4 f5 
11.exf6 e.p 12.gxf6 h4 13.e5 Bxc8 14.Rxc8 dxe5 
15.fxe5 b3 16.Nb4 Na3 17.e4 Ne5 18.Bg7 Be3 19.Qa6 
Bd4 20.Bxe5 Bxe5 21.Nd3+ Ke2 22.Nf4+ Ke3 23.Ng2+ 
Kd4 0-1

[Event "HCL-B114"]
[Site "www.playchess.de"]
[Date "2001.01.22"]
[Round "11"]
[White "JayKay"]
[Black "daphatmon"]
[WhiteElo "1734"]
[BlackElo "1602"]
[PlyCount "63"]
[Result "1-0"]

1.e4 e6 2.d4 c5 3.Nf3 cxd4 4.Qxd4 Nc6 5.Qd3 Nf6 
6.Nc3 d6 7.Bg5 Be7 8.Be2 Ng4 9.Bxe7 Qxe7 10.Rd1 
Nge5 11.Qxd6 Qxd6 12.Rxd6 Nxf3+ 13.Bxf3 Ne5 14.Be2 
Bd7 15.O-O O-O-O 16.Rfd1 Bc6 17.Nb5 Bxb5 18.Bxb5 
Kc7 19.R6xd8 Rxd8 20.Rxd8 Kxd8 21.f4 Nd7 22.e5 a6 
23.Bxd7 Kxd7 24.Kf2 Kc6 25.Ke3 Kc5 26.g4 b6 27.h4 
Kd5 28.Kd3 b5 29.b4 f6 30.exf6 gxf6 31.g5 fxg5 
32.hxg5 1-0

[Event "HCL-B117"]
[Site "www.playchess.de"]
[Date "2001.01.22"]
[Round "7"]
[White "LUPES"]
[Black "dogman"]
[WhiteElo "1500"]
[BlackElo "1264"]
[PlyCount "41"]
[Result "1-0"]

1.d4 d5 2.Nf3 Nc6 3.c4 Nf6 4.Nc3 Bg4 5.Ne5 Bh5 
6.Qa4 Qd6 7.Nb5 Qb4+ 8.Qxb4 Nxb4 9.Nxc7+ Kd8 
10.Nxa8 Nc2+ 11.Kd1 Nxa1 12.cxd5 Ne4 13.Be3 f6 
14.g4 fxe5 15.gxh5 g6 16.dxe5 Bg7 17.Bg2 Bxe5 
18.Bxe4 Kd7 19.Kd2 Rxa8 20.hxg6 hxg6 
21.Rxa1 1-0

[Event "HCL-B122"]
[Site "www.playchess.de"]
[Date "2001.01.22"]
[Round "19"]
[White "Gruhni"]
[Black "Datum"]
[WhiteElo "1404"]
[BlackElo "1200"]
[PlyCount "21"]
[Result "1-0"]

1.e4 e5 2.Nf3 Nc6 3.Bc4 Nf6 4.Nc3 Bc5 5.d3 Ng4 
6.O-O Nd4 7.Nxd4 Bxd4 8.Qxg4 g6 9.Qf3 O-O 10.Bh6 
Re8 11.Qxf7+ 1-0

[Event "HCL-B135"]
[Site "www.playchess.de"]
[Date "2001.01.22"]
[Round "34"]
[White "BOB"]
[Black "Deppenhaufen"]
[WhiteElo "1652"]
[BlackElo "1500"]
[PlyCount "50"]
[Result "0-1"]

1.e4 e5 2.Nf3 Nc6 3.Bc4 Bc5 4.c3 Nf6 5.d4 exd4 
6.cxd4 Bb4+ 7.Nc3 Nxe4 8.O-O Bxc3 9.d5 Bf6 10.Re1 
Ne7 11.Rxe4 d6 12.Bg5 Bxg5 13.Nxg5 h6 14.Qe2 hxg5 
15.Re1 Be6 16.dxe6 f6 17.Re3 c6 18.Rh3 Rxh3 
19.gxh3 g6 20.Rd1 Kf8 21.Qf3 Kg7 22.Qa3 d5 23.Bd3 
Qc7 24.Re1 a6 25.Re3 c5 0-1

[Event "HCL-C008"]
[Site "www.playchess.de"]
[Date "2001.01.22"]
[Round "12"]
[White "Filk"]
[Black "Kiepski"]
[WhiteElo "800"]
[BlackElo "1000"]
[PlyCount "98"]
[Result "1-0"]

1.e4 e5 2.Nf3 Nc6 3.Bb5 Bc5 4.O-O d6 5.c3 Bg4 6.d4 
Bxf3 7.gxf3 exd4 8.cxd4 Bb4 9.Bxc6+ bxc6 10.Qa4 
Rb8 11.a3 Qf6 12.Qxc6+ Kd8 13.axb4 Qxf3 14.Nd2 
Qg4+ 15.Kh1 Ne7 16.Qc4 Ng6 17.Qxf7 Qd7 18.Qxd7+ 
Kxd7 19.Rxa7 Rxb4 20.d5 Rf8 21.b3 Rd4 22.f3 Rd3 
23.Kg1 Nf4 24.Nc4 Rxb3 25.Kh1 Nd3 26.Bd2 Rfb8 
27.Rg1 g6 28.Rf1 R3b5 29.Be3 R5b4 30.Nd2 R4b2 
31.h3 Rc2 32.Ra3 Ne5 33.Rf2 Rb4 34.Kg2 Kc8 35.Nf1 
Rcb2 36.Ra8+ Kb7 37.Ra7+ Kb8 38.Rxb2 Rxb2+ 39.Kg3 
Rb3 40.Ra2 Rc3 41.f4 Nc4 42.Re2 Kb7 43.Kg4 c5 
44.dxc6+ e. 45.Kxc6 h4 46.d5 exd5+ 47.Kxd5 Bf2 
48.Nd6 Ne3+ 49.Kc6 Rc2 1-0

[Event "HCL-C053"]
[Site "www.playchess.de"]
[Date "2001.01.22"]
[Round "20"]
[White "ALEBRE"]
[Black "CEAuke"]
[WhiteElo "800"]
[BlackElo "944"]
[PlyCount "65"]
[Result "1-0"]

1.d4 d5 2.Nf3 Nc6 3.h4 Nf6 4.Ne5 Nxe5 5.dxe5 Ng4 
6.f4 e6 7.e3 c6 8.Qxg4 Qb6 9.c3 g6 10.Rh3 Bc5 
11.h5 f5 12.Qg5 gxh5 13.b4 Bxb4 14.Qxh5+ Kd8 
15.Qh6 Qc5 16.cxb4 Qxb4+ 17.Bd2 Qb2 18.Qf6+ Kc7 
19.Ba5+ Kb8 20.Qg7 b6 21.Bc3 Qc1+ 22.Kf2 Rd8 23.a4 
Qc2+ 24.Kg3 Qd1 25.Nd2 Qc2 26.a5 Qxc3 27.axb6 axb6 
28.Rb1 Qxe3+ 29.Kh2 Qxf4+ 30.Rg3 Qh4+ 31.Rh3 Qf2 
32.Rxb6+ Qxb6 33.Rb3 1-0